Cotton Import Trends (1970 vs. 2010) Quiz Stats

 Plays Quiz not verified by Sporcle

Score 0/30 Timer 05:00
0 Plays Today
Year Country % Correct
1970China
97%
2010China
97%
1970India
94.5%
2010India
94.5%
2010Russian Federation
84.1%
1970Japan
83.1%
1970United Kingdom
83.1%
2010Mexico
83.1%
1970France
82.1%
1970Italy
81.1%
2010Brazil
81.1%
2010Pakistan
76.1%
1970South Korea
73.6%
2010Indonesia
73.6%
2010South Korea
73.6%
Year Country % Correct
2010Turkey
73.1%
2010Thailand
71.6%
2010Egypt
69.7%
2010Vietnam
68.2%
2010Bangladesh
61.2%
1970Taiwan
60.7%
2010Taiwan
60.7%
1970Poland
57.7%
1970USSR
49.3%
1970Yugoslavia
36.3%
1970West Germany
31.3%
1970Czechoslovakia
30.8%
1970East Germany
28.9%
1970Hong Kong
20.4%
2010Hong Kong
20.4%

You're not logged in!

Compare scores with friends on all Sporcle quizzes.
OR
Log In

Show Comments

Extras

Top Quizzes Today


Score Distribution

Your Account Isn't Verified!

In order to create a playlist on Sporcle, you need to verify the email address you used during registration. Go to your Sporcle Settings to finish the process.

Report this User

Report this user for behavior that violates our Community Guidelines.

Details: